| 000 | 00642nam a2200205Ia 4500 | ||
|---|---|---|---|
| 005 | 20260121110210.0 | ||
| 008 | 008 260114s9999 xx 000 0 hin d | ||
| 020 | _a9788132300892 | ||
| 037 | _aEBOOK | ||
| 040 |
_aCRL _bhin _cCRL |
||
| 041 |
_ahin _2hin |
||
| 084 | _qCRL | ||
| 100 |
_aविनय प्रसाद / Vinay Prasad _9943253 |
||
| 245 | 0 | _aअधिगम एवं शिक्षण / Adhigam Evam Shikshan | |
| 260 |
_bभाषा प्रकाशन / Bhasha Prakashan _c2020 |
||
| 856 | _uhttps://bhashaprakashan.com/product-details/377755 | ||
| 942 | _cEBOOK | ||
| 999 |
_c1534918 _d1534918 |
||